Who Wrote that Novel? - Statistics

General Stats
  • This quiz has been taken 367 times
  • The average score is 9 of 14
Answer Stats
Hint Answer % Correct
The Iliad Homer
94%
Frankenstein Mary Shelley
86%
Dracula Bram Stoker
79%
The Picture of Dorian Gray Oscar Wilde
74%
Alice's Adventures in Wonderland Lewis Carroll
71%
The Two Towers J.R.R. Tolkien
68%
On the Road Jack Kerouac
67%
The Hound of the Baskervilles Arthur Conan Doyle
64%
Fahrenheit 451 Ray Bradbury
53%
Robinson Crusoe Daniel Defoe
51%
The Strange Case of Dr. Jekyll and Mr. Hyde Robert Louis Stevenson
51%
The Vampire Lestat Anne Rice
38%
The Prince and the Pauper Mark Twain
37%
The Invisible Man H.G. Wells
32%
No matching quizzes found
Score Distribution
Percent of People with Each Score
Percentile by Number Answered
Your Score History
You have not taken this quiz